| 000 | 03759nas a22007217a 4500 | ||
|---|---|---|---|
| 003 | CHAP | ||
| 005 | 20220329143425.0 | ||
| 008 | 001017c20070000xxk r pernn 0 b1Eng d | ||
| 010 | _a96380 | ||
| 011 | _a97352 | ||
| 022 | _a1751-7311 | ||
| 022 | 0 | _a1751-732X (versión electrónica) | |
| 022 | 0 | _a2040-4700 (Proceedings) | |
| 035 | _a108018 | ||
| 040 | _cCHAP | ||
| 041 | 0 | _aENG | |
| 245 | 0 | 0 | _aAnimal |
| 246 | 3 | _aProceedings of the British Society of Animal Science | |
| 260 |
_aCambridge: _bUniversity Press _c2007- |
||
| 300 | _av. | ||
| 310 | _aMensual | ||
| 362 | 0 | _av.1 n.1, 2007 | |
| 530 | _aTambién disponible en línea | ||
| 590 |
_aBATCH-UPD _b10 _c20130110 _lUCH01 _h0452 |
||
| 590 |
_aBATCH-UPD _b10 _c20130410 _lUCH01 _h0130 |
||
| 590 |
_aBATCH-UPD _b10 _c20130914 _lUCH01 _h0635 |
||
| 590 |
_aCONVERSION _b10 _c20130109 _lUCH01 _h1353 |
||
| 650 | 1 | 4 |
_aBiología _xPublicaciones periódicas. _912799 |
| 650 | 1 | 4 |
_aGanado _xMejoramiento _xPublicaciones periódicas. _944927 |
| 770 | 1 |
_aProceedings of the British Society of Animal Science _x2040-4700 _z978-0-906562-67-3 |
|
| 780 | 1 | 0 |
_tAnimal science _x1357-7298 |
| 852 | 2 |
_yISSUE _d2012-12-17 _503 |
|
| 852 | 2 |
_yISSUE _d2012-12-17 _503 |
|
| 852 | 2 |
_yISSUE _d2012-12-17 _503 |
|
| 852 | 2 |
_yISSUE _d2012-12-17 _503 |
|
| 852 | 2 |
_yISSUE _d2012-12-17 _503 |
|
| 852 | 2 |
_yISSUE _d2012-12-17 _503 |
|
| 852 | 2 |
_yISSUE _d2012-12-17 _503 |
|
| 852 | 2 |
_yISSUE _d2012-12-17 _503 |
|
| 852 | 2 |
_yISSUE _d2012-12-17 _503 |
|
| 852 | 2 |
_yISSUE _d2012-12-17 _503 |
|
| 852 | 2 |
_yISSUE _d2012-12-17 _503 |
|
| 852 | 2 |
_yISSUE _d2012-12-17 _503 |
|
| 852 | 2 |
_yISSUE _d2012-12-17 _503 |
|
| 856 |
_3Finding aid _uhttp://journals.cambridge.org/action/displayJournal?jid=ANM _zTeclea aqui |
||
| 866 | _av. 2 n. 1 (January 2008) - v. 2 n. 12 (December 2008) | ||
| 866 | _av. 3 n. 1 (January 2009) | ||
| 901 | _aSE | ||
| 942 | _cISSUE | ||
| 949 |
_bBC _cPS _d203058 _ePS _fv. 2 n. 1 ( February 2008) _i108018 _j2 _sn |
||
| 949 |
_bBC _cPS _d203059 _ePS _fv. 2 n. 2 ( March 2008) _i108018 _j2 _sn |
||
| 949 |
_bBC _cPS _d203060 _ePS _fv. 2 n. 3 ( April 2008) _i108018 _j2 _sn |
||
| 949 |
_bBC _cPS _d203061 _ePS _fv. 2 n. 4 ( May 2008) _i108018 _j2 _sn |
||
| 949 |
_bBC _cPS _d203062 _ePS _fv. 2 n. 5 ( June 2008) _i108018 _j2 _sn |
||
| 949 |
_bBC _cPS _d203063 _ePS _fv. 2 n. 6 ( July 2008) _i108018 _j2 _sn |
||
| 949 |
_bBC _cPS _d203064 _ePS _fv. 2 n. 7 ( August 2008) _i108018 _j2 _sn |
||
| 949 |
_bBC _cPS _d203065 _ePS _fv. 2 n. 8 ( September 2008) _i108018 _j2 _sn |
||
| 949 |
_bBC _cPS _d203066 _ePS _fv. 2 n. 9 ( October 2008) _i108018 _j2 _sn |
||
| 949 |
_bBC _cPS _d203067 _ePS _fv. 2 n. 10 ( November 2008) _i108018 _j2 _sn |
||
| 949 |
_bBC _cPS _d203068 _ePS _fv. 2 n. 11 ( December 2008) _i108018 _j2 _sn |
||
| 949 |
_bBC _cPS _d203069 _ePS _fv. 2 n. 12 ( January 2009) _i108018 _j2 _sn |
||
| 949 |
_bBC _cPS _d215945 _ePS _fv. 3 n. 1 ( January 2009) _i108018 _j3 _sn |
||
| 999 |
_c96380 _d96380 |
||